00755cam a22002053a 450000100060000000300060000600500170001200800410002904000150007004200070008505000070009210000330009924502440013226000290037650600300040551600200043565300230045583000290047885600420050715304PGUSA20140828083328.0050309s2005||||xxu|||||s|||||000 | eng d aPGUSAbeng adc 4aBX1 aClarkson, Thomas,d1760-184612aA Portraiture of Quakerism, Volume 3 :bTaken from a View of the Education and Discipline, Social Manners, Civil and Political Economy, Religious Principles and Character, of the Society of Friendsh[electronic resource] /cThomas Clarkson bProject Gutenberg,c2005 aPublic domain in the USA. aElectronic text aSociety of Friends 0aProject Gutenbergv1530440uhttp://www.gutenberg.org/ebooks/15304